Les blessures et les accidents du travail

Guardat en:
Dades bibliogràfiques
Autor principal: Brouardel, P (autor)
Format: Llibre
Idioma:francès
Publicat: París, Francia J. B. Baillière et Fils 1906
Col·lecció:Cours de Médecine Légale
Matèries:
Etiquetes: Afegir etiqueta
Sense etiquetes, Sigues el primer a etiquetar aquest registre!

MARC

LEADER 00000nam a2200000 a 4500
001 UCT8966
003 CL-VaPUC
005 20211103092607.0
008 970326e19060000FR |||||||||||||||||fre|d
999 |c 257437  |d 257435 
040 |c Pontificia Universidad Católica de Valparaíso 
082 0 4 |a 344.04 BRO 1906  |2 21 
100 0 |a Brouardel, P  |e autor  |9 381293 
245 1 4 |a Les blessures et les accidents du travail 
260 0 3 |a París, Francia  |b J. B. Baillière et Fils  |c 1906 
300 |a 694 páginas 
490 0 |a Cours de Médecine Légale 
583 |a last modification  |c 19970326 00:00:00  |k Rodrigo Vera 
650 0 |a Accidentes de trabajo  |9 254901 
650 7 |a MEDICINA DEL TRABAJO  |2 CL-VaPUC  |9 358736 
650 0 |a Efectos fisiológicos  |9 327358 
942 |c BK  |2 ddc 
945 |d 19970326 00:00:00  |a lriquelm 
952 |0 0  |1 0  |2 ddc  |4 0  |6 344_040000000000000_BRO_1906  |7 0  |8 X  |9 280887  |a BIBDER  |b BIBDER  |d 2019-11-19  |i 1816896  |o 344.04 BRO 1906  |p 1816896  |r 2023-01-25  |t 1  |w 2019-11-19  |y BK_X  |k DER